| 000 | 00554nam a22002057a 4500 | ||
|---|---|---|---|
| 003 | OSt | ||
| 005 | 20140310184520.0 | ||
| 008 | 131016t xxu||||| |||| 00| 0 eng d | ||
| 020 | _a9780439709767 | ||
| 050 |
_aPZ 7 _b.J38 2004 |
||
| 100 |
_aJarvis, Robin. _926662 |
||
| 245 |
_aThe woven path : _banything can happen in the Wyrd Museum / _cRobin Jarvis. |
||
| 260 |
_aNew York : _bScholastic Inc., _c2004. |
||
| 300 |
_a409 p. : _c23 cm. |
||
| 521 | _aG9 | ||
| 526 | _c1030 | ||
| 650 |
_aFiction _9746 |
||
| 942 |
_2lcc _cBK-SCHOLAS |
||
| 999 |
_c35015 _d35015 |
||